000 00752nam a2200253Ia 4500
003 GCL
008 140319s9999 xx 000 0 ara d
040 _aGCL /
_cGCL
082 0 4 _a636.08
_bم ا
100 1 _aمحمد يحيى حسين درويش
245 1 0 _aانتاج اللحم /
_cمحمد يحيى حسين درويش
260 _a[S.N] :
_bمكتبة الانجلوالمصرية
300 _a471 ص
490 _a
650 0 4 _aالانتاج الحيوانى
650 0 4 _aالماشية
650 0 4 _aمزارع الحيوانات
650 0 4 _aصناعة وتجارة
650 0 4 _aالحيوان
650 0 4 _aالاغذية
650 0 4 _aالصناعات الغذائية
650 0 4 _aاللحوم
942 _2ddc
_cBK
999 _c30498
_d30498